| 000 | 01646cam a22003734a 4500 | ||
|---|---|---|---|
| 999 |
_c18132 _d18132 |
||
| 001 | 14300741 | ||
| 005 | 20161202154344.0 | ||
| 008 | 060315s2006 nyuabf b 001 0 eng | ||
| 010 | _a 2006040888 | ||
| 020 | _a1400043484 | ||
| 020 | _a9781400043484 | ||
| 020 | _a9781400043484 | ||
| 035 | _a(OCoLC)ocm65197986 | ||
| 035 | _a(OCoLC)65197986 | ||
| 040 |
_aDLC _cDLC _dBAKER _dC#P _dIXA _dBTCTA _dYDXCP _dDLC |
||
| 042 | _apcc | ||
| 043 |
_ae-fr--- _ae-sp--- |
||
| 050 | 0 | 0 |
_aN5310.5.F7 _bC87 2006 |
| 100 | 1 |
_aCurtis, Gregory, _d1944- |
|
| 245 | 1 | 4 |
_aThe cave painters : _bprobing the mysteries of the world's first artists / _cGregory Curtis. |
| 250 | _a1st ed. | ||
| 260 |
_aNew York : _bKnopf, _c2006. |
||
| 300 |
_a278 p., [8] p. of plates : _bill. (some col.), map ; _c22 cm. |
||
| 504 | _aIncludes bibliographical references (p. 247-268) and index. | ||
| 650 | 0 |
_aCave paintings _zFrance. |
|
| 650 | 0 |
_aCave paintings _zSpain. |
|
| 942 |
_2lcc _cBOOKS _hN5310.5.F7 C87 2006 |
||